[Event "MCech mladeze 2018 - HD14"]
[Site "Harrachov"]
[Date "2018.10.27"]
[Round "1"]
[White "Dudek, Vojtech"]
[Black "Svacina, Tobias"]
[Result "1-0"]
[WhiteElo "2002"]
[BlackElo "1412"]
[PlyCount "51"]
[EventDate "2018.10.27"]

1. e4 e5 2. Nc3 Bc5 3. Bc4 Nc6 4. Qg4 g6 5. Qf3 Nf6 6. Nge2 d6 7. d3 h6 8. h3
Be6 9. Nd5 Bxd5 10. exd5 Nb4 11. Bb3 c6 12. dxc6 Nxc6 13. O-O g5 14. Be3 O-O
15. Ng3 Kh7 16. Qf5+ Kg7 17. Bxc5 dxc5 18. Rae1 Re8 19. Nh5+ Nxh5 20. Qxf7+ Kh8
21. Qxh5 Qd6 22. f4 gxf4 23. Rxf4 exf4 24. Rxe8+ Rxe8 25. Qxe8+ Kh7 26. Qg8#
1-0

[Event "MCech mladeze 2018 - HD14"]
[Site "Harrachov"]
[Date "2018.10.27"]
[Round "1"]
[White "Markova, Karolina"]
[Black "Rokos, Filip"]
[Result "0-1"]
[WhiteElo "1397"]
[BlackElo "1962"]
[PlyCount "84"]
[EventDate "2018.10.27"]

1. e4 e6 2. d4 d5 3. Nc3 Bb4 4. e5 c5 5. Nf3 Nc6 6. Bf4 Nge7 7. Bb5 Bd7 8. Bxc6
Nxc6 9. a3 Bxc3+ 10. bxc3 Qa5 11. Qd2 Qa4 12. O-O Na5 13. Rfb1 Rc8 14. Be3 b6
15. Qc1 O-O 16. Nd2 Rc7 17. Nb3 cxd4 18. Bxd4 Nc6 19. Qd2 Rfc8 20. Rc1 Nxd4 21.
cxd4 Rc4 22. h3 Qc6 23. Ra2 Qc7 24. Rb2 Ba4 25. Na1 Rc3 26. Ra2 Qc4 27. Rb2 Rd3
28. Qe2 Rxd4 29. Qxc4 Rdxc4 30. Rb4 Rxb4 31. axb4 Rc4 32. c3 d4 33. Nc2 Rxc3
34. Ra1 Bxc2 35. Rxa7 h6 36. Rd7 d3 37. f3 Rc4 38. g4 Rxb4 39. Kg2 Rb5 40. f4
Rd5 41. Rxd5 exd5 42. Kf2 d2 0-1

[Event "MCech mladeze 2018 - HD14"]
[Site "Harrachov"]
[Date "2018.10.27"]
[Round "1"]
[White "Hak, David"]
[Black "Martinkova, Magdalena"]
[Result "1-0"]
[WhiteElo "1946"]
[BlackElo "1395"]
[PlyCount "57"]
[EventDate "2018.10.27"]

1. e4 e5 2. Nf3 Nc6 3. d4 exd4 4. Bc4 Nf6 5. e5 d5 6. Bb5 Ne4 7. Nxd4 Bd7 8.
Bxc6 bxc6 9. O-O Bc5 10. Be3 Bb6 11. f3 Ng5 12. f4 Ne4 13. c3 c5 14. Nb3 Bc6
15. N1d2 Nxd2 16. Qxd2 Qe7 17. Qf2 c4 18. Bxb6 cxb6 19. Nd4 Bd7 20. Qg3 g6 21.
Rae1 O-O-O 22. Qf3 Be8 23. Kh1 Rg8 24. f5 gxf5 25. Nxf5 Qg5 26. h4 Qd2 27. Re2
Qd3 28. Ne7+ Kb8 29. Nxg8 1-0

[Event "MCech mladeze 2018 - HD14"]
[Site "Harrachov"]
[Date "2018.10.27"]
[Round "1"]
[White "Ocenasek, Jan"]
[Black "Jares, Michal"]
[Result "0-1"]
[WhiteElo "1391"]
[BlackElo "1893"]
[PlyCount "58"]
[EventDate "2018.10.27"]

1. d4 Nf6 2. Bf4 g6 3. e3 d6 4. Nd2 Bg7 5. Ngf3 O-O 6. Bd3 c6 7. c4 Nbd7 8. O-O
Qe8 9. Qc2 e5 10. dxe5 dxe5 11. Bg3 Nh5 12. e4 Nxg3 13. hxg3 Nc5 14. Be2 f5 15.
Rab1 fxe4 16. Ng5 e3 17. Nde4 Nxe4 18. Nxe4 exf2+ 19. Rxf2 Rxf2 20. Kxf2 Qf8+
21. Kg1 Bh6 22. Qb3 Bf5 23. Bf3 Rd8 24. Rf1 Rd4 25. c5+ Kh8 26. Nd6 Rd3 27. Qc4
Be3+ 28. Rf2 Rd2 29. Be2 Bxf2+ 0-1

[Event "MCech mladeze 2018 - HD14"]
[Site "Harrachov"]
[Date "2018.10.27"]
[Round "1"]
[White "Jun, Rudolf"]
[Black "Rezek, Filip"]
[Result "1-0"]
[WhiteElo "1880"]
[BlackElo "1388"]
[PlyCount "65"]
[EventDate "2018.10.27"]

1. e4 c6 2. d4 d5 3. exd5 cxd5 4. c4 Bf5 5. Nc3 dxc4 6. Bxc4 e6 7. Nf3 a6 8. a4
Nf6 9. O-O Be7 10. d5 exd5 11. Nxd5 Nxd5 12. Bxd5 Qc7 13. Qb3 O-O 14. Qxb7 Qxb7
15. Bxb7 Ra7 16. Bd5 Nd7 17. Nd4 Nb6 18. Bf3 Bg6 19. Nc6 Rd7 20. Be3 Nc4 21.
Nxe7+ Rxe7 22. Bc5 Rd7 23. Bxf8 Kxf8 24. b4 Nd2 25. Rfe1 Nxf3+ 26. gxf3 Rb7 27.
b5 Bd3 28. Rad1 Rd7 29. bxa6 g5 30. a7 Rxa7 31. Rxd3 Rxa4 32. Kg2 Kg7 33. Rd5
1-0

[Event "MCech mladeze 2018 - HD14"]
[Site "Harrachov"]
[Date "2018.10.27"]
[Round "1"]
[White "Pejrimovska, Viola Ruby"]
[Black "Mach, Petr"]
[Result "0-1"]
[WhiteElo "1383"]
[BlackElo "1869"]
[PlyCount "130"]
[EventDate "2018.10.27"]

1. e4 c5 2. b4 cxb4 3. a3 d5 4. exd5 Qxd5 5. Nf3 e5 6. c4 Qe6 7. Bd3 e4 8. O-O
Qf6 9. Bxe4 Qxa1 10. Re1 Be7 11. Qc2 Qf6 12. Bb2 Qh6 13. axb4 Nf6 14. Bxf6 Qxf6
15. Nc3 Nc6 16. Nd5 Qd6 17. c5 Qb8 18. b5 Ne5 19. Nxe7 Kxe7 20. c6 bxc6 21.
Bxc6 Be6 22. Nxe5 Qc7 23. Qc5+ Qd6 24. Qxd6+ Kxd6 25. Bxa8 Rxa8 26. Nd3 Bc4 27.
Ne5 Be6 28. d3 Rb8 29. Nc4+ Kc5 30. Rc1 Kd4 31. Na3 Kxd3 32. h3 Rc8 33. Rb1 Rc3
34. b6 axb6 35. Nb5 Rb3 36. Rxb3+ Bxb3 37. Nd6 g6 38. Kf1 Kd2 39. Kg1 Ke1 40.
f3 Bd5 41. Kh2 Kf2 42. Kh1 f5 43. Kh2 Bc6 44. Nc4 b5 45. Na5 Bd5 46. h4 f4 47.
Kh1 h5 48. Kh2 b4 49. Kh3 b3 50. Nxb3 Be6+ 51. Kh2 Bxb3 52. Kh3 Be6+ 53. Kh2
Bd7 54. Kh1 Kg3 55. Kg1 Bb5 56. Kh1 Kxh4 57. Kh2 Bc6 58. Kg1 Kg3 59. Kh1 h4 60.
Kg1 g5 61. Kh1 h3 62. Kg1 g4 63. fxg4 hxg2 64. g5 f3 65. g6 f2# 0-1

[Event "MCech mladeze 2018 - HD14"]
[Site "Harrachov"]
[Date "2018.10.27"]
[Round "1"]
[White "Ret, Adam Josef"]
[Black "Zemanova, Nikola"]
[Result "1-0"]
[WhiteElo "1859"]
[BlackElo "1348"]
[PlyCount "107"]
[EventDate "2018.10.27"]

1. d4 Nf6 2. c4 g6 3. Nc3 Bg7 4. e4 d6 5. g3 Nbd7 6. Bg2 c5 7. d5 O-O 8. f4 Qc7
9. Nf3 Re8 10. O-O e5 11. fxe5 Nxe5 12. Nxe5 Rxe5 13. Bf4 Ng4 14. h3 Nh6 15.
Bxe5 Bxe5 16. Qd2 Kg7 17. g4 Qe7 18. g5 Bd4+ 19. Kh1 Ng4 20. hxg4 Bxg4 21. Rf4
Bh5 22. Raf1 Rf8 23. Ne2 Be5 24. Ng3 Kg8 25. Nxh5 Qxg5 26. Qf2 Qxh5+ 27. Rh4
Qg5 28. Rh3 f5 29. Qh4 Qxh4 30. Rxh4 Bg3 31. Rh3 f4 32. Bf3 h5 33. Kg2 h4 34.
Bg4 g5 35. Kf3 Kg7 36. Rb1 Kf6 37. b4 b6 38. bxc5 dxc5 39. d6 Ke5 40. d7 Rd8
41. Rd1 a6 42. Rd5+ Kf6 43. Rd6+ Ke7 44. Rxb6 Be1 45. Rh1 Ba5 46. Rxa6 Bc7 47.
Rd1 Rh8 48. Re6+ Kf7 49. Re8 Rh6 50. d8=Q Bxd8 51. Rexd8 Ra6 52. R1d7+ Kf6 53.
Rf8+ Ke5 54. Rd5# 1-0

[Event "MCech mladeze 2018 - HD14"]
[Site "Harrachov"]
[Date "2018.10.27"]
[Round "1"]
[White "Maresova, Michaela"]
[Black "Flajsman, Petr"]
[Result "0-1"]
[WhiteElo "1327"]
[BlackElo "1751"]
[PlyCount "106"]
[EventDate "2018.10.27"]

1. e4 c6 2. d4 d5 3. exd5 cxd5 4. Nc3 Nf6 5. Nf3 Nc6 6. Bb5 Bg4 7. h3 Bh5 8.
Be3 e6 9. a3 Bd6 10. O-O O-O 11. Re1 Rc8 12. Be2 a6 13. Qd2 Qc7 14. Nh4 Bxe2
15. Rxe2 Na5 16. Rae1 b5 17. Nf3 Nc4 18. Qc1 Nxb2 19. Nxd5 Nxd5 20. Qxb2 Qc3
21. Qxc3 Rxc3 22. Ne5 Rxa3 23. c4 Nxe3 24. Rxe3 Rxe3 25. Rxe3 Rc8 26. c5 Bxe5
27. Rxe5 Kf8 28. Kf1 Ke7 29. Ke2 f6 30. Re3 Kd7 31. Ra3 Ra8 32. Ra5 Kc6 33. Kd3
e5 34. g3 Kd5 35. dxe5 fxe5 36. f3 Kxc5 37. Kc3 Rf8 38. Rxa6 Rxf3+ 39. Kc2 Rxg3
40. Ra7 e4 41. Kd2 Rxh3 42. Rxg7 h5 43. Rg5+ Kc4 44. Re5 Rh4 45. Ke3 b4 46. Re7
Kc3 47. Rc7+ Kb2 48. Rb7 b3 49. Rb6 Kc2 50. Rc6+ Kb1 51. Rb6 b2 52. Rc6 Rh3+
53. Kxe4 Ka2 0-1

[Event "MCech mladeze 2018 - HD14"]
[Site "Harrachov"]
[Date "2018.10.27"]
[Round "1"]
[White "Habenicht, Martin"]
[Black "Starikova, Vassilina"]
[Result "1-0"]
[WhiteElo "1729"]
[BlackElo "1327"]
[PlyCount "81"]
[EventDate "2018.10.27"]

1. d4 d5 2. Nf3 Nc6 3. g3 Bf5 4. c4 e6 5. a3 g6 6. Nc3 Nge7 7. Bg2 Bg7 8. Bf4
O-O 9. Ne5 dxc4 10. e4 g5 11. Bxg5 f6 12. Nxc6 Nxc6 13. Be3 Bg6 14. f4 e5 15.
d5 Ne7 16. O-O f5 17. Bc5 Rf7 18. Qa4 exf4 19. gxf4 Bxc3 20. bxc3 fxe4 21. Bxe7
Qxe7 22. Qxc4 Re8 23. Rae1 b6 24. a4 Qc5+ 25. Qxc5 bxc5 26. c4 e3 27. Bh3 Kg7
28. Be6 Rfe7 29. Rxe3 Rb8 30. f5 Ree8 31. fxg6 hxg6 32. Rf7+ Kh6 33. Rh3+ Kg5
34. Rg3+ Kh6 35. Rf6 Kh5 36. Rf2 g5 37. Bf7+ Kh6 38. Bxe8 Rxe8 39. Rf6+ Kh7 40.
Rxg5 Kh8 41. Rh6# 1-0

[Event "MCech mladeze 2018 - HD14"]
[Site "Harrachov"]
[Date "2018.10.27"]
[Round "1"]
[White "Zilava, Anezka"]
[Black "Brozka, Karel"]
[Result "0-1"]
[WhiteElo "1320"]
[BlackElo "1717"]
[PlyCount "86"]
[EventDate "2018.10.27"]

1. e4 c6 2. d4 d5 3. exd5 cxd5 4. c4 Nf6 5. Nc3 Nc6 6. Be3 e6 7. Nf3 Bd6 8. c5
Bb8 9. Bb5 Bd7 10. a3 O-O 11. Bg5 h6 12. Bh4 a6 13. Qa4 Bf4 14. Bd3 Ne5 15. Qd1
Nxd3+ 16. Qxd3 Bc6 17. O-O Bc7 18. b4 Re8 19. Rfe1 Qe7 20. Ne5 Bd8 21. Qe3 Qc7
22. f3 Nd7 23. Bg3 Nxe5 24. Bxe5 Qd7 25. Re2 Bc7 26. Rae1 b6 27. Bxc7 Qxc7 28.
Qd3 bxc5 29. dxc5 Qd7 30. Re5 Reb8 31. Qd4 a5 32. Qg4 axb4 33. axb4 Ra3 34. Qd4
Rb3 35. Rb1 Rxb1+ 36. Nxb1 Qb7 37. Nc3 Qxb4 38. Qxb4 Rxb4 39. Re1 Rc4 40. Ne2
Rxc5 41. Rb1 e5 42. Rb8+ Kh7 43. Rc8 Rc2 0-1

[Event "MCech mladeze 2018 - HD14"]
[Site "Harrachov"]
[Date "2018.10.27"]
[Round "1"]
[White "Skypala, Ondrej"]
[Black "Gloser, Tomas"]
[Result "1-0"]
[WhiteElo "1702"]
[BlackElo "1316"]
[PlyCount "55"]
[EventDate "2018.10.27"]

1. e4 c5 2. Nf3 d6 3. d4 cxd4 4. Nxd4 Nc6 5. Nc3 Nf6 6. f3 g6 7. Be3 Bg7 8. Qd2
O-O 9. Bc4 e6 10. O-O-O Nxd4 11. Bxd4 Qc7 12. Bb3 a6 13. Be3 Rd8 14. Bg5 Rd7
15. g4 b5 16. h4 Qc5 17. h5 a5 18. hxg6 a4 19. gxh7+ Nxh7 20. Rxh7 Kxh7 21.
Rh1+ Kg8 22. Bh6 Bxc3 23. bxc3 axb3 24. Bg7 b2+ 25. Kb1 f6 26. Bxf6 d5 27. Qg5+
Kf8 28. Rh8+ 1-0

[Event "MCech mladeze 2018 - HD14"]
[Site "Harrachov"]
[Date "2018.10.27"]
[Round "1"]
[White "Tvaroh, Vitezslav"]
[Black "Ruzicka, Filip"]
[Result "0-1"]
[WhiteElo "1307"]
[BlackElo "1699"]
[PlyCount "94"]
[EventDate "2018.10.27"]

1. e4 c5 2. Nf3 a6 3. d4 cxd4 4. Nxd4 e5 5. Nb3 Nf6 6. Nc3 Bb4 7. Bd2 Nc6 8.
Bd3 O-O 9. O-O b5 10. a3 Be7 11. Qf3 d6 12. Nd5 Bb7 13. c4 bxc4 14. Bxc4 Rc8
15. Qd3 Re8 16. Bxa6 Bxa6 17. Qxa6 Nxe4 18. Ba5 Nxa5 19. Nxa5 Ra8 20. Qc6 Rxa5
21. Nxe7+ Qxe7 22. Qxe4 d5 23. Qc2 Rc5 24. Qd2 d4 25. b4 Rc3 26. Rfc1 Rec8 27.
h3 R8c4 28. f3 Qc7 29. Rxc3 Rxc3 30. a4 Qc4 31. b5 Rc2 32. Qd1 d3 33. b6 d2 34.
b7 Rb2 35. Qxd2 Qd4+ 36. Qxd4 exd4 37. a5 Rxb7 38. a6 Ra7 39. Kf2 Kf8 40. Ke2
Ke7 41. Kd3 Kd6 42. Kxd4 Kc6 43. Kc4 Rc7 44. a7 Kb7+ 45. Kb5 Ka8 46. Kb6 Rb7+
47. Ka6 Rxa7+ 0-1

[Event "MCech mladeze 2018 - HD14"]
[Site "Harrachov"]
[Date "2018.10.27"]
[Round "1"]
[White "Merinsky, Vaclav"]
[Black "Bednar, Milos"]
[Result "1/2-1/2"]
[WhiteElo "1686"]
[BlackElo "1301"]
[PlyCount "32"]
[EventDate "2018.10.27"]

1. f4 d5 2. Nf3 Nc6 3. e3 e6 4. Nc3 Nf6 5. b3 Bd7 6. Bb2 Be7 7. a3 O-O 8. Bd3
Bd6 9. Nb5 Re8 10. Bxf6 Qxf6 11. O-O a6 12. Nxd6 cxd6 13. h3 Qe7 14. Bxh7+ Kxh7
15. Ng5+ Kh6 16. Qg4 Rh8 1/2-1/2

[Event "MCech mladeze 2018 - HD14"]
[Site "Harrachov"]
[Date "2018.10.27"]
[Round "1"]
[White "Semova, Lada"]
[Black "Beran, Jakub"]
[Result "0-1"]
[WhiteElo "1300"]
[BlackElo "1663"]
[EventDate "2018.10.27"]
[PlyCount "74"]

1. e4 c5 2. Bc4 Nc6 3. Nc3 d6 4. f4 g6 5. d3 Bg7 6. Nf3 Bg4 7. O-O Nd4 8. Ne2
b5 9. Bd5 Rc8 10. Nfxd4 Bxd4+ 11. Kh1 Bg7 12. Qe1 Nf6 13. Bb3 Bd7 14. a3 c4 15.
Ba2 O-O 16. f5 e6 17. fxg6 fxg6 18. Bg5 Qc7 19. Rb1 d5 20. Qh4 Qe5 21. Bf4 Qh5
22. Qxh5 Nxh5 23. exd5 exd5 24. dxc4 dxc4 25. g3 Rce8 26. Nc3 Bc6+ 27. Kg1 Bd4+
28. Rf2 Bxf2+ 29. Kxf2 Nxf4 30. gxf4 Rxf4+ 31. Kg1 Re5 32. h4 Rxh4 33. Kf2 Rf4+
34. Kg3 Rf3+ 35. Kh4 Bd7 36. Bxc4+ bxc4 37. Ne4 Rh3# 0-1

[Event "MCech mladeze 2018 - HD14"]
[Site "Harrachov"]
[Date "2018.10.27"]
[Round "1"]
[White "Bauer, Jan"]
[Black "Trasakova, Adela"]
[Result "1-0"]
[WhiteElo "1620"]
[BlackElo "1293"]
[EventDate "2018.10.27"]
[PlyCount "87"]

1. d4 d5 2. Nf3 Bf5 3. e3 e6 4. c4 c6 5. Nc3 Nf6 6. Be2 Bd6 7. Nh4 Bg6 8. Nxg6
hxg6 9. h3 Nbd7 10. a3 dxc4 11. Bxc4 e5 12. O-O O-O 13. Qc2 exd4 14. exd4 Nb6
15. Bb3 Kh8 16. Bg5 Be7 17. Rfe1 Nfd5 18. Bxe7 Nxe7 19. Qe4 Ned5 20. Nxd5 cxd5
21. Qe7 Rb8 22. Rac1 Qxe7 23. Rxe7 Rfe8 24. Rxf7 Re2 25. Rc2 Rxc2 26. Bxc2 Nc4
27. Bb3 Nxb2 28. Bxd5 Rd8 29. Be4 Kh7 30. Rxb7 Rxd4 31. Bxg6+ Kxg6 32. Rxb2 Kf6
33. Rb4 Rxb4 34. axb4 Ke6 35. Kf1 Kd5 36. Ke2 Kc4 37. g4 Kxb4 38. Kd2 g5 39. f4
Kb3 40. fxg5 a5 41. g6 a4 42. g7 a3 43. g8=Q+ Kb2 44. Qb8+ 1-0

[Event "MCech mladeze 2018 - HD14"]
[Site "Harrachov"]
[Date "2018.10.27"]
[Round "1"]
[White "Studenovsky, Jaroslav"]
[Black "Husa, Daniel"]
[Result "0-1"]
[WhiteElo "1285"]
[BlackElo "1605"]
[EventDate "2018.10.27"]
[PlyCount "96"]

1. c4 Nf6 2. Nc3 d5 3. cxd5 Nxd5 4. g3 g6 5. Bg2 Nb6 6. Nf3 Bg7 7. O-O Nc6 8.
d3 O-O 9. Be3 e5 10. Qd2 Re8 11. Rac1 Bf5 12. Rfd1 Qe7 13. a3 Rad8 14. Nh4 Nc4
15. Nxf5 gxf5 16. Qc2 Nxe3 17. fxe3 Bh6 18. Nd5 Rxd5 19. Bxd5 Bxe3+ 20. Kg2
Bxc1 21. Rxc1 Nd4 22. Qxc7 Nxe2 23. Rc4 b6 24. Qxe7 Rxe7 25. g4 Nf4+ 26. Rxf4
exf4 27. gxf5 Re2+ 28. Kf3 Rxh2 29. Kxf4 Rxb2 30. Ke5 Kg7 31. f6+ Kf8 32. d4
Rd2 33. Bc6 h5 34. d5 h4 35. Kd6 h3 36. Kd7 h2 37. d6 Rd1 38. Kc7 Rc1 39. d7
Rxc6+ 40. Kxc6 h1=Q+ 41. Kc7 Qc1+ 42. Kd8 Qc3 43. a4 Qxf6+ 44. Kc8 Qc6+ 45. Kd8
Qa8+ 46. Kc7 Ke7 47. a5 Qd8+ 48. Kb7 Kxd7 0-1

[Event "MCech mladeze 2018 - HD14"]
[Site "Harrachov"]
[Date "2018.10.27"]
[Round "1"]
[White "Prochazka, Vojtech"]
[Black "Hadrava, Lukas"]
[Result "1-0"]
[WhiteElo "1601"]
[BlackElo "1250"]
[EventDate "2018.10.27"]
[PlyCount "87"]

1. e4 e6 2. d4 d5 3. Nd2 c5 4. exd5 Qxd5 5. Ngf3 cxd4 6. Bc4 Qd8 7. Nb3 Nf6 8.
Nbxd4 Bc5 9. O-O O-O 10. Bg5 Nbd7 11. c3 h6 12. Bh4 a6 13. Re1 Re8 14. Qc2 b5
15. Bf1 Bb7 16. Rad1 Qb6 17. b4 Bxd4 18. Nxd4 Rac8 19. Rc1 Rc7 20. Bg3 Rcc8 21.
Qb2 Ne4 22. c4 bxc4 23. Bxc4 Nxg3 24. hxg3 Red8 25. Nf3 Bxf3 26. gxf3 Nf6 27.
Qa3 Rc6 28. Bd3 Rcd6 29. Red1 Nh5 30. Kg2 Nf6 31. Qb3 Nd5 32. a3 Nf6 33. a4 Rd4
34. b5 axb5 35. Bxb5 Rd2 36. Rxd2 Rxd2 37. Rc8+ Rd8 38. Qc3 Nd5 39. Rxd8+ Qxd8
40. Qc6 Nb6 41. a5 Nc8 42. Qa8 Kh7 43. Ba6 g6 44. Bxc8 1-0

[Event "MCech mladeze 2018 - HD14"]
[Site "Harrachov"]
[Date "2018.10.27"]
[Round "1"]
[White "Pejrimovsky, Tadeas Rubel"]
[Black "Vestfal, Jan"]
[Result "0-1"]
[WhiteElo "1244"]
[BlackElo "1593"]
[PlyCount "102"]
[EventDate "2018.10.27"]

1. e4 c5 2. b4 cxb4 3. a3 b3 4. cxb3 d5 5. exd5 Nf6 6. d4 g6 7. Nf3 Bg7 8. Bc4
Nxd5 9. O-O O-O 10. Bb2 Bg4 11. Nbd2 Nc6 12. h3 Bf5 13. Bxd5 Qxd5 14. Nc4 Be6
15. Qd2 Bxh3 16. Rfe1 Bg4 17. Ne3 Qh5 18. Nxg4 Qxg4 19. Rac1 Qh5 20. Rc5 Qg4
21. Rg5 Qd7 22. d5 Nd8 23. Bxg7 Kxg7 24. Ne5 Qe8 25. Qd4 f6 26. Nf3 Nf7 27. Rg3
Qd7 28. Rh3 b6 29. Qh4 Rh8 30. Qd4 Rac8 31. Nd2 Rc5 32. Rd3 Ne5 33. Ne4 Nxd3
34. Nxc5 Nxc5 35. b4 Na6 36. Re6 Nc7 37. Re1 Kf7 38. Rd1 Rd8 39. Qc4 Nxd5 40.
Qb3 e6 41. Qd3 b5 42. Qd4 Rc8 43. Qd2 Qc7 44. Qd4 Qb6 45. Qxb6 Nxb6 46. Kh2 Nd5
47. g3 Rc3 48. Ra1 Ke7 49. Kg2 Nb6 50. Kf1 Nc4 51. Ke2 Rxa3 0-1

[Event "MCech mladeze 2018 - HD14"]
[Site "Harrachov"]
[Date "2018.10.27"]
[Round "1"]
[White "Matejicek, Vojtech"]
[Black "Vojir, Vaclav"]
[Result "1-0"]
[WhiteElo "1588"]
[BlackElo "1243"]
[EventDate "2018.10.27"]
[PlyCount "69"]

1. d4 Nf6 2. c4 g6 3. Nc3 Bg7 4. Nf3 d5 5. e3 Bg4 6. h3 Bf5 7. cxd5 Nxd5 8. Bc4
Nxc3 9. bxc3 O-O 10. O-O Nc6 11. Re1 e5 12. e4 Bd7 13. Ba3 Re8 14. d5 Na5 15.
Bd3 c6 16. c4 cxd5 17. cxd5 f5 18. Bb2 fxe4 19. Bxe4 Bf5 20. Bxf5 gxf5 21. Bxe5
Bxe5 22. Nxe5 Qb6 23. Qf3 Re7 24. Rad1 Rae8 25. Nd3 Rxe1+ 26. Rxe1 Rxe1+ 27.
Nxe1 Qd4 28. Nd3 Qe4 29. Qg3+ Kf8 30. Qb8+ Kf7 31. Qc7+ Kf6 32. Qd8+ Kf7 33.
Qxa5 Qxd3 34. Qc7+ Ke8 35. d6 1-0

[Event "MCech mladeze 2018 - HD14"]
[Site "Harrachov"]
[Date "2018.10.28"]
[Round "2"]
[White "Pulpan, Ondrej"]
[Black "Dudek, Vojtech"]
[Result "0-1"]
[WhiteElo "1571"]
[BlackElo "2002"]
[PlyCount "52"]
[EventDate "2018.10.27"]

1. e4 c5 2. Nf3 Nc6 3. d4 cxd4 4. Nxd4 g6 5. Nc3 Bg7 6. Be3 Nf6 7. Bc4 Qa5 8.
O-O O-O 9. Nb3 Qd8 10. f3 d6 11. Qd2 Ne5 12. Be2 Be6 13. Nd5 Bxd5 14. exd5 Qc7
15. Rfd1 Rfc8 16. c3 a5 17. Nd4 Nc4 18. Bxc4 Qxc4 19. Nc2 Nd7 20. Na3 Qa6 21.
Bd4 Bxd4+ 22. Qxd4 b5 23. b3 Nb6 24. Nc2 Qa7 25. Na3 Rc5 26. Qe4 Nxd5 0-1

[Event "MCech mladeze 2018 - HD14"]
[Site "Harrachov"]
[Date "2018.10.28"]
[Round "2"]
[White "Rokos, Filip"]
[Black "Matejicek, Vojtech"]
[Result "1-0"]
[WhiteElo "1962"]
[BlackElo "1588"]
[PlyCount "73"]
[EventDate "2018.10.27"]

1. e4 c5 2. Nf3 Nc6 3. d4 cxd4 4. Nxd4 e5 5. Nb5 d6 6. N1c3 a6 7. Na3 b5 8. Nd5
Nge7 9. Bg5 h6 10. Bxe7 Bxe7 11. c3 O-O 12. Nc2 Kh8 13. a4 Rb8 14. axb5 axb5
15. Be2 f5 16. exf5 Bxf5 17. Nce3 Be6 18. Ra6 Bd7 19. O-O Bg5 20. Qd3 Qc8 21.
Rfa1 Rf7 22. Qg6 Qg8 23. Qxd6 Rbf8 24. Bh5 Bxe3 25. fxe3 g6 26. Bxg6 Rg7 27.
Be4 Rd8 28. Qxh6+ Rh7 29. Bxh7 Qxh7 30. Rxc6 Bxc6 31. Qf6+ Qg7 32. Qxd8+ Kh7
33. Qh4+ Kg8 34. e4 Qf7 35. Ne7+ Kg7 36. Qg5+ Kh7 37. Nxc6 1-0

[Event "MCech mladeze 2018 - HD14"]
[Site "Harrachov"]
[Date "2018.10.28"]
[Round "2"]
[White "Vaclavik, Jan"]
[Black "Hak, David"]
[Result "1-0"]
[WhiteElo "1544"]
[BlackElo "1946"]
[PlyCount "89"]
[EventDate "2018.10.27"]

1. e4 Nf6 2. e5 Nd5 3. c4 Nb6 4. d4 d6 5. exd6 cxd6 6. Nc3 g6 7. Be3 Bg7 8. Rc1
Nc6 9. Be2 O-O 10. d5 Ne5 11. b3 f5 12. f4 Ned7 13. Nf3 Nf6 14. Nd4 Bd7 15. O-O
a6 16. a4 a5 17. Bf3 Rc8 18. Qd2 Na8 19. Rfe1 Nc7 20. Bf2 Na6 21. Ne6 Bxe6 22.
Rxe6 Re8 23. Rce1 Kf7 24. Nb5 Nc5 25. Bxc5 Rxc5 26. h3 h5 27. Qe2 Bh6 28. Qe3
Rc8 29. g3 Bg7 30. Kg2 Bh6 31. Qe2 h4 32. Nd4 hxg3 33. Kxg3 Rc7 34. Re3 Qc8 35.
Ne6 Rd7 36. Rd3 Bf8 37. Ng5+ Kg7 38. Qe6 Kh6 39. Bg4 Rc7 40. Nf7+ Kg7 41. Ng5
Rc5 42. Bxf5 gxf5 43. Qf7+ Kh8 44. Qg6 Ne4+ 45. Rxe4 1-0

[Event "MCech mladeze 2018 - HD14"]
[Site "Harrachov"]
[Date "2018.10.28"]
[Round "2"]
[White "Jares, Michal"]
[Black "Stocek, Martin"]
[Result "1/2-1/2"]
[WhiteElo "1893"]
[BlackElo "1575"]
[PlyCount "68"]
[EventDate "2018.10.27"]

1. d4 Nf6 2. Nf3 g6 3. g3 Bg7 4. Bg2 O-O 5. O-O d5 6. c4 c6 7. Nc3 dxc4 8. e4
b5 9. e5 Nd5 10. Ne4 Qb6 11. Bf4 Bf5 12. Nh4 Bxe4 13. Bxe4 Rd8 14. Nf3 Na6 15.
Qd2 Nac7 16. Bh6 Ne6 17. Bxg7 Kxg7 18. h4 f5 19. Bb1 Ndc7 20. Bc2 Nxd4 21. Nxd4
Qxd4 22. Qg5 Qd7 23. h5 Qe6 24. h6+ Kh8 25. Rfe1 Rd5 26. Qf4 Rad8 27. Rad1 Rxd1
28. Rxd1 Rxd1+ 29. Bxd1 b4 30. Qe3 Nb5 31. Bc2 Qd5 32. e6 Qd4 33. Qg5 Qf6 34.
Qd2 Nd6 1/2-1/2

[Event "MCech mladeze 2018 - HD14"]
[Site "Harrachov"]
[Date "2018.10.28"]
[Round "2"]
[White "Rousek, Jan"]
[Black "Jun, Rudolf"]
[Result "0-1"]
[WhiteElo "1525"]
[BlackElo "1880"]
[PlyCount "66"]
[EventDate "2018.10.27"]

1. d4 Nf6 2. c4 g6 3. g3 Bg7 4. Bg2 O-O 5. Nc3 d6 6. Nf3 c6 7. O-O Qa5 8. e4
Nbd7 9. Bd2 Qc7 10. Qc1 Re8 11. b4 e5 12. b5 exd4 13. Nxd4 Nb6 14. bxc6 bxc6
15. Nxc6 Bb7 16. e5 Bxc6 17. exf6 Bxg2 18. Kxg2 Bxf6 19. Nd5 Qc6 20. Kg1 Bxa1
21. Nxb6 axb6 22. Qxa1 Re6 23. Rc1 Rae8 24. Bc3 Qxc4 25. Bb2 Qb4 26. Bc3 Qc5
27. Bb2 Qf5 28. Bd4 b5 29. Be3 b4 30. Qb2 Qd3 31. Re1 Qc3 32. Qb1 d5 33. Qd1 d4
0-1

[Event "MCech mladeze 2018 - HD14"]
[Site "Harrachov"]
[Date "2018.10.28"]
[Round "2"]
[White "Mach, Petr"]
[Black "Kulhanek, Jachym"]
[Result "1-0"]
[WhiteElo "1869"]
[BlackElo "1553"]
[PlyCount "73"]
[EventDate "2018.10.27"]

1. d4 Nf6 2. c4 g6 3. g3 Bg7 4. Bg2 O-O 5. Nc3 d6 6. Nf3 c6 7. O-O Nbd7 8. e4
e5 9. h3 Qc7 10. Be3 Re8 11. Re1 Nb6 12. b3 Bd7 13. Rc1 Rad8 14. Qc2 Qc8 15.
Kh2 h6 16. Re2 Kh7 17. Rd1 g5 18. Ng1 Nh5 19. Red2 Kg8 20. Nge2 f5 21. dxe5
dxe5 22. exf5 Bxf5 23. Be4 Bxe4 24. Nxe4 Rxd2 25. Qxd2 Qc7 26. a4 Nf6 27. N2c3
Nbd7 28. Qd6 Qxd6 29. Nxd6 Ra8 30. Nce4 Nxe4 31. Nxe4 Nf6 32. Nxf6+ Bxf6 33.
Rd7 b6 34. Rd6 Bg7 35. Rxc6 Rd8 36. Rc7 Rd3 37. b4 1-0

[Event "MCech mladeze 2018 - HD14"]
[Site "Harrachov"]
[Date "2018.10.28"]
[Round "2"]
[White "Kotal, Vit"]
[Black "Ret, Adam Josef"]
[Result "1/2-1/2"]
[WhiteElo "1514"]
[BlackElo "1859"]
[PlyCount "78"]
[EventDate "2018.10.27"]

1. e4 c5 2. Nf3 d6 3. Bb5+ Bd7 4. Bxd7+ Qxd7 5. c4 Nc6 6. Nc3 Nf6 7. d3 g6 8.
h3 Bg7 9. Be3 O-O 10. O-O Ne8 11. Qd2 Nc7 12. a3 Rab8 13. Rab1 a5 14. Bh6 b5
15. Bxg7 Kxg7 16. Nd5 e5 17. Qg5 f6 18. Qg3 Nxd5 19. cxd5 Ne7 20. Nh4 b4 21. f4
bxa3 22. fxe5 fxe5 23. Rxf8 a2 24. Rff1 axb1=Q 25. Rxb1 Rf8 26. Nf3 h6 27. Nd2
Nc8 28. Nc4 a4 29. Ra1 Rf6 30. Ne3 Ne7 31. Ng4 Rf7 32. Rf1 Rxf1+ 33. Kxf1 Ng8
34. Ne3 Nf6 35. Nf5+ Kh7 36. Nh4 Qf7 37. Qf2 Qe7 38. Kg1 Ne8 39. Qg3 Qf6
1/2-1/2

[Event "MCech mladeze 2018 - HD14"]
[Site "Harrachov"]
[Date "2018.10.28"]
[Round "2"]
[White "Flajsman, Petr"]
[Black "Strnadova, Monika"]
[Result "1-0"]
[WhiteElo "1751"]
[BlackElo "1532"]
[PlyCount "35"]
[EventDate "2018.10.27"]

1. e4 c5 2. Nf3 Nc6 3. d4 cxd4 4. Nxd4 Nf6 5. Nc3 g6 6. Be3 Bg7 7. Be2 O-O 8.
Qd2 Re8 9. f3 d6 10. O-O-O Bd7 11. g4 Rc8 12. h4 h5 13. Rdg1 Ne5 14. gxh5 Nxh5
15. f4 Nc4 16. Bxc4 Rxc4 17. f5 gxf5 18. Qe2 1-0

[Event "MCech mladeze 2018 - HD14"]
[Site "Harrachov"]
[Date "2018.10.28"]
[Round "2"]
[White "Soucek, Petr"]
[Black "Habenicht, Martin"]
[Result "1-0"]
[WhiteElo "1497"]
[BlackElo "1729"]
[PlyCount "97"]
[EventDate "2018.10.27"]

1. d4 Nf6 2. c4 g6 3. g3 Bg7 4. Bg2 c5 5. d5 d6 6. Nf3 O-O 7. O-O Bf5 8. Nc3
Na6 9. Nd2 Qd7 10. e4 Bh3 11. f4 Bxg2 12. Kxg2 h5 13. h3 Nc7 14. Qe2 e6 15. e5
Nfe8 16. Qe4 Rb8 17. a4 exd5 18. cxd5 b5 19. axb5 Nxb5 20. Nxb5 Rxb5 21. e6 Qe7
22. Nc4 Nf6 23. Qe2 Rfb8 24. exf7+ Qxf7 25. Qe6 Qxe6 26. dxe6 Ne4 27. Rd1 Bd4
28. Rxa7 R5b7 29. Rxb7 Rxb7 30. Kf3 d5 31. Ne5 Rb3+ 32. Rd3 Rxd3+ 33. Nxd3 Kf8
34. g4 Ke7 35. f5 hxg4+ 36. hxg4 gxf5 37. gxf5 Kf6 38. Kg4 Ke7 39. Nf4 Kd6 40.
Ng6 Bf6 41. Bf4+ Kc6 42. Ne5+ Kb5 43. Nd7 Be7 44. Be5 Kc6 45. f6 Nxf6+ 46. Bxf6
Bxf6 47. Nxf6 Kd6 48. Kf5 d4 49. Ne4+ 1-0